| 000 | 00368nam a2200157Ia 4500 | ||
|---|---|---|---|
| 008 | 230524s9999 xx 000 0 und d | ||
| 082 |
_a621.382 _bPAT |
||
| 100 | _aD.Patranabis | ||
| 245 | 0 | _aSensors and Transducers | |
| 250 | _a2ND | ||
| 260 |
_aNEW DELHI _bPHI _c2004 |
||
| 300 | _aX;335 | ||
| 500 | _aQuantity Number: 7 | ||
| 650 | _aElectronics | ||
| 942 | _cBK | ||
| 999 |
_c23772 _d23772 |
||